|
|
|
|
| LEADER |
01693nam a2200481 i 4500 |
| 001 |
nkc20152755187 |
| 003 |
CZ PrNK |
| 005 |
20160107095357.0 |
| 007 |
ta |
| 008 |
151126s2015 xr g 000 jdcze |
| 015 |
|
|
|a cnb002755187
|
| 020 |
|
|
|a 978-80-7459-125-9
|q (vázáno)
|
| 035 |
|
|
|a (OCoLC)939572082
|
| 040 |
|
|
|a OLA001
|b cze
|e rda
|
| 043 |
|
|
|a e-xr---
|a e------
|
| 045 |
|
|
|a t-u-
|
| 072 |
|
7 |
|a 821.162.3-3
|x Česká próza
|2 Konspekt
|9 25
|
| 080 |
|
|
|a 821.162.3-32
|2 MRF
|
| 080 |
|
|
|a 94(437.3)
|2 MRF
|
| 080 |
|
|
|a 94(4)
|2 MRF
|
| 080 |
|
|
|a (0:82-321.6)
|2 MRF
|
| 100 |
1 |
|
|a Boček, Jaroslav,
|d 1932-2003
|7 jk01012421
|4 aut
|
| 245 |
1 |
0 |
|a Den pro císaře a jiné lidi /
|c Jaroslav Boček
|
| 250 |
|
|
|a Vydání druhé, v obnoveném Československém spisovateli první
|
| 264 |
|
1 |
|a V Praze :
|b Československý spisovatel,
|c 2015
|
| 300 |
|
|
|a 253 stran ;
|c 21 cm
|
| 336 |
|
|
|a text
|b txt
|2 rdacontent
|
| 337 |
|
|
|a bez média
|b n
|2 rdamedia
|
| 338 |
|
|
|a svazek
|b nc
|2 rdacarrier
|
| 648 |
|
7 |
|a 16.-17. století
|7 ch757028
|2 czenas
|
| 651 |
|
7 |
|a Česko
|7 ge128065
|x dějiny
|y 16.-17. století
|2 czenas
|
| 651 |
|
7 |
|a Evropa
|7 ge137210
|x dějiny
|y 16.-17. století
|2 czenas
|
| 651 |
|
9 |
|a Czechia
|x history
|y 16th-17th centuries
|2 eczenas
|
| 651 |
|
9 |
|a Europe
|x history
|y 16th-17th centuries
|2 eczenas
|
| 655 |
|
7 |
|a české příběhy
|7 fd133973
|2 czenas
|
| 655 |
|
7 |
|a historické příběhy
|7 fd132413
|2 czenas
|
| 655 |
|
9 |
|a Czech stories
|2 eczenas
|
| 655 |
|
9 |
|a historical stories
|2 eczenas
|
| 910 |
2 |
|
|a BOA001
|b 2-1357.589
|
| 990 |
|
|
|a BK
|
| 995 |
|
|
|a 01
|
| 991 |
|
|
|b 201512
|c NOV
|
| 996 |
6 |
|
|b 2610652389
|c 2-1357.589
|l MZK
|r Sklad / do 1 hodiny
|n 0
|p p.v.
|w 001534823
|u 000010
|a 1
|e BOA001
|j MZK50
|s P
|